| 000 | 00000nas 2200000za 4500 |
| 001 | 9.826931 |
| 003 | CaOODSP |
| 005 | 20221107144710 |
| 007 | cr ||||||||||| |
| 008 | 161103d19831984oncar p oss f0###a0eng|d |
| 022 | |y0828-9921 |
| 040 | |aCaOODSP|beng |
| 041 | |aeng|afre |
| 043 | |an-cn--- |
| 086 | 1 |aCS41-221-PDF |
| 245 | 00|aOrnamental and architectural metal products industry |h[electronic resource] / |cStatistics Canada, Industry Division, Census of Manufactures Section = Industrie des produits métalliques d'ornement et d'architecture / Statistique Canada, Division de l'industrie, Section du recensement des manufactures. |
| 246 | 11|aIndustrie des produits métalliques d'ornement et d'architecture |
| 260 | |aOttawa : |bStatistics Canada = Statistique Canada, |c1985-1986. |
| 310 | |aAnnual |
| 362 | 0 |a1983-1984. |
| 490 | 0 |aAnnual census of manufactures = Recensement annuel des manufacture |
| 500 | |aDigitized edition from print [produced by Statistics Canada]. |
| 520 | |a"The Metal Door and Window Industry includes establishments primarily engaged in manufacturing steel and aluminum doors, windows, sash and frames for residential, industrial and commercial use; and metal framed, hermetically sealed glass window units"--Introduction, 1983. |
| 546 | |aText in English and French. |
| 580 | |aMerged with: Hardware, tool and cutlery industries; Wire and wire products industries; Heating equipment industry; Stamped, pressed and coated metal products industries; Other metal fabricating industries; Power boilers, heat exchanger and fabricated structural metal products industries; and, Machine shop industry, to become: Fabricated metal products industries,. |
| 692 | 07|2gccst|aManufacturing industry |
| 692 | 07|2gccst|aArchitecture |
| 710 | 1 |aCanada. |bStatistics Canada. |bCensus of Manufactures Section. |
| 780 | 00|tOrnamental and architectural metal industry |w(CaOODSP)9.826928 |
| 785 | 00|tFabricated metal products industries |w(CaOODSP)9.827918 |
| 792 | |tOrnamental and architectural metal products industry |efre|w(CaOODSP)9.826934 |